00845nam a2200229Ia 4500003000400000005001700004008004100021020001800062050002300080100001700103245003800120260003500158300003300193440000600226521000700232526000800239942001200247999001700259952011300276952011300389952011300502OSt20140313142008.0140130s9999 xx 000 0 und d a9780516244518 aTX 795b.Sn58 2003 aSynder, Inez aMilk to ice cream /cInez Synder. bScholastic,c2003.anew York : a24 p. :bcol. ill. ;c13 cm. v1 aG1 c220 cBK2lcc c39986d39986 00102lcc40aMUbMUcSCHOd2014-01-30l0oTX 795 .Sn58 2003pMS0823r2014-01-30 00:00:00t1w2014-01-30yBK 00102lcc40aMUbMUcSCHOd2014-03-13l0oTX 795 .Sn58 2003pMS2500r2014-03-13 00:00:00t2w2014-03-13yBK 00102lcc40aMUbMUcSCHOd2014-03-13l0oTX 795 .Sn58 2003pMS2501r2014-03-13 00:00:00t3w2014-03-13yBK